Contabilidad de costos: análisis y control

Spremljeno u:
Bibliografski detalji
Glavni autor: Shillinglaw, Gordon (Autor)
Format: Knjiga
Jezik:španjolski
Izdano: Buenos Aires El Ateneo 1977
Serija:Biblioteca de Ciencias Económicas. Serie Contabilidad
Teme:
Oznake: Dodaj oznaku
Bez oznaka, Budi prvi tko označuje ovaj zapis!

MARC

LEADER 00000nam a2200000 a 4500
001 UCQ0639
003 CL-VaPUC
008 980703e19770000AG |||||||||||||||||spa|d
082 0 4 |a 657.42  |b SHI  |2 21 
100 0 |a Shillinglaw, Gordon  |e author  |9 413874 
245 1 0 |a Contabilidad de costos: análisis y control 
300 |a 438 p 
942 |c BK 
945 |d 19980703 00:00:00  |a cmena 
260 |a Buenos Aires  |b El Ateneo  |c 1977 
650 0 |a Contabilidad de costos   |9 260564 
650 0 |a Costos   |9 261063 
650 0 |a Estados de cuentas  |9 352305 
650 0 |a Administración financiera  |9 261146 
650 7 |a PLANIFICACION Y CONTROL  |2 CL-VaPUC  |9 413875 
650 0 |a Toma de decisiones   |9 257530 
650 0 |a Control presupuestario  |9 345693 
583 |a last modification  |c 19980703 00:00:00  |k Rodrigo Vera 
490 0 |a Biblioteca de Ciencias Económicas. Serie Contabilidad 
999 |c 271677  |d 271675 
952 |0 0  |1 0  |4 0  |6 657_420000000000000_SHI_1977  |7 0  |8 A  |9 306406  |a BIBENE  |b BIBENE  |d 2019-11-20  |i 1428632  |o 657.42 SHI 1977  |p 1428632  |r 2025-01-15  |w 2019-11-20  |y BK  |k ICO